| 000 | 01232nam0a22002771 4500 | ||
|---|---|---|---|
| 001 | rc\3183039 | ||
| 005 | 20120628145715.9 | ||
| 021 |
_aRU _b75-ОЭ-330/16 |
||
| 021 |
_aRU _bРг13791-75 |
||
| 035 | _a(NLR Aleph) 007335420 | ||
| 090 |
_a6053229 _c6053229 |
||
| 100 | _a20120628d1975 |||y0rusy50 ca | ||
| 101 | 0 |
_arus _aeng |
|
| 102 | _aRU | ||
| 105 | _ay z ||||| | ||
| 200 | 1 |
_aМетодическое пособие по общественно-политической лексике английского языка для слушателей 10-месячных курсов _e(1-й семестр) _fМ-во высш. и сред. спец. образ. СССР. Моск. гос. пед. ин-т иностр. яз. им. Мориса Тореза |
|
| 210 |
_aМосква _cБ. и. _d1975 |
||
| 215 |
_a129 с. _d29 |
||
| 300 | _aНа обороте тит. л. сост.: И.С. Мячина | ||
| 702 | 1 |
_aМячина _bИ. С. _4220 |
|
| 712 | 0 | 2 |
_aМосковский педагогический институт иностранных языков им. М. Тореза _3RU\NLR\AUTH\889951025 |
| 801 | 0 |
_aRU _bNLR _gpsbo |
|
| 801 | 1 |
_aRU _bELAR _2rusmarc |
|
| 852 |
_aNLR _j75-8/934 |
||
| 942 | _cBOOK | ||
| 980 | _aNB | ||